000 01391nam a2200241Ia 4500
001 8428
003 GE_BSU
008 181216s||||||||xx |||||||||||||| ||und||
040 _cGE_BSU
080 _a821.353.1-32+821.353.1-92
100 _aვაჟა-ფშაველა
245 _aთხზულებათა სრული კრებული ხუთ ტომად. ტ.4
245 _bტ.4: მოთხრობები, დრამატული ნაწარმოებები, თარგმანები.
245 _cსარედ. კოლ: გიორგი აბზიანიძე და სხვ; რედ: გიორგი ლეონიძე; ტექსტი გამოსაცემად მოამზადეს, ვარიანტები და შენიშვნები დაურთეს ე. შარაშენიძემ და ლ. სანაძემ.
250 _aსაქ. სსრ მეცნ. აკად. რუსთაველის სახ. ქართ. ლიტ. ინ–ტი.
260 _aთბილისი.
260 _bსაბჭ. საქართველო.
260 _c1961
300 _a697 გვ; 26 სმ.
300 _b1 ფ. პორტ.
653 _aთხზულებათა სრული კრებული
942 _cBK
999 _c41747
_d41747